| 000 | 00443nam a2200181Ia 4500 | ||
|---|---|---|---|
| 001 | 11506 | ||
| 003 | IN-NITTTR | ||
| 005 | 20251114233107.0 | ||
| 008 | 251113s9999||||xx |||||||||||||| ||eng|| | ||
| 040 | _beng | ||
| 040 | _cIN-NITTTR | ||
| 041 | _aeng | ||
| 082 | _a516.186 S54A | ||
| 100 | _aSemple, J. G. | ||
| 245 | 0 |
_aAlgebratic projective geometry. / _cSemple, J. G., Kneebone, G. T. |
|
| 700 | _a Kneebone, G. T. | ||
| 942 |
_2ddc _cBK |
||
| 999 |
_c14142 _d14142 |
||